00974nam a2200217 a 4500001001000000005001700010008004100027041000800068044000700076050002100083245021300104260004800317300001900365440006200384500006700446500006300513500012400576500000800700650002300708650002500731BRCA_669720190320205546.0171011s1901----gw-#######---#000-0#eng-# aeng agw 4aPZ3b.B75 3 190110aThe Aristocratsbbeing the impressions of the lady Helen Pole during her sojourn in the Great North woods as spontaneously recorded in her letters to her friend in North Britain the countess of Edge and Ross. aLeipzig, AlemaniabBernhard Tauchnitzc1901 a287 p.c17 cm. 0aCollection of British authors. Tauchnitz editionvv. 3514 aEstado físico: Primer cuadernillo desprendido, costura floja aEn la cubierta: Collection of British and American authors aVer también CEF6, H144, L2, L16, L17, L18, L19, L20, L22, L23, L24, L25, L26, L27, L32, L166, N9, N11, N12, N13 y N17 aL1514aLiteratura inglesa14aLiteratura americana